[Event "Olomouc Summer op 20th"]
[Site "Olomouc"]
[Date "2017.08.19"]
[Round "9"]
[White "Jayaram, R."]
[Black "Wiegers, Kasper"]
[Result "1-0"]
[WhiteElo "2021"]
[BlackElo "1878"]
[PlyCount "83"]
[EventDate "2017.08.12"]
[EventType "swiss"]
[EventRounds "9"]
[EventCountry "CZE"]
[SourceTitle "CBM 180 Extra"]
[Source "ChessBase"]
[SourceDate "2017.10.06"]
[SourceVersion "1"]
[SourceVersionDate "2017.10.06"]
[SourceQuality "1"]

1. d4 Nf6 2. c4 c5 3. d5 e5 4. Nc3 d6 5. e4 Be7 6. g3 0-0 7. Bg2 Ne8 8. Nge2 g6 9. 0-0 Ng7 10. Bh6 Bg5 11. Bxg5 Qxg5 12. f4 exf4 13. gxf4 Qe7 14. Qd3 f5 15. e5 dxe5 16. d6 Qf7 17. fxe5 Nc6 18. Qe3 Re8 19. Bd5 Ne6 20. Nb5 Nb4 21. Rad1 Bd7 22. Nc7 Nxd5 23. cxd5 Nxc7 24. dxc7 Bb5 25. d6 Qd7 26. Rfe1 Bxe2 27. Qxe2 Re6 28. Qc4 Rae8 29. Qxc5 b6 30. Qc4 Kf7 31. Rc1 Rc8 32. Qd5 h6 33. Re3 g5 34. Qc6 Qxc6 35. Rxc6 Ke8 36. Kf2 Kd7 37. Rc4 Rce8 38. h3 Kc8 39. Rec3 Rxe5 40. d7+ Kxd7 41. c8Q+ Rxc8 42. Rxc8 1-0

[Event "Pardubice Czech op-A 28th"]
[Site "Pardubice"]
[Date "2017.07.24"]
[Round "4"]
[White "Haring, Filip"]
[Black "Jayaram, R."]
[Result "0-1"]
[WhiteElo "2278"]
[BlackElo "1955"]
[PlyCount "80"]
[EventDate "2017.07.21"]
[EventType "swiss"]
[EventRounds "9"]
[EventCountry "CZE"]
[SourceTitle "CBM 179 Extra"]
[Source "ChessBase"]
[SourceDate "2017.08.23"]
[SourceVersion "1"]
[SourceVersionDate "2017.08.23"]
[SourceQuality "1"]

1. e4 e5 2. Nf3 Nc6 3. d4 exd4 4. Nxd4 Nf6 5. Nxc6 bxc6 6. e5 Qe7 7. Qe2 Nd5 8. c4 Nb6 9. Nc3 Bb7 10. Qe4 g6 11. Bd3 Bg7 12. 0-0 0-0 13. Bf4 Rfe8 14. Rae1 Qb4 15. Qf3 Qxb2 16. Ne4 c5 17. Re2 Qd4 18. Rfe1 Nxc4 19. Nf6+ Bxf6 20. exf6 Rxe2 21. Qxe2 Nd6 22. Be5 Qd5 23. f3 Re8 24. Qe3 Re6 25. h4 Ne8 26. h5 d6 27. hxg6 hxg6 28. Rb1 Rxe5 29. Be4 Rxe4 30. fxe4 Qxe4 31. Qxe4 Bxe4 32. Rb8 Kf8 33. Kf2 Bc6 34. Kg3 d5 35. Kf4 d4 36. g4 c4 37. Rb4 Bd5 38. Ke5 c5 39. Rb5 Be6 40. Rxc5 d3 0-1